20 Biggest Cities in New York - Statistics

General Stats
  • This quiz has been taken 86 times
  • The average score is 12 of 20
Answer Stats
Hint Answer % Correct
8,097,282 New York City
98%
273,720 Buffalo
94%
102,076 Albany
92%
206,078 Rochester
86%
145,171 Syracuse
85%
206,544 Yonkers
80%
33,573 Ithaca
67%
63,089 Utica
56%
31,841 Poughkeepsie
55%
46,372 Binghamton
53%
47,291 Niagara Falls
53%
68,608 Schenectady
53%
50,370 Troy
52%
84,925 New Rochelle
48%
61,903 White Plains
44%
70,372 Mount Vernon
42%
31,576 Rome
35%
34,527 Long Beach
26%
30,109 Middletown
18%
29,897 North Tonawanda
15%
No matching quizzes found
Score Distribution
Percent of People with Each Score
Percentile by Number Answered
Your Score History
You have not taken this quiz